• 首页
  • 本馆介绍
  • 公告通知
  • 最新文献
  • 馆藏检索
  • 电子资源
  • 读者导购
  • 参考咨询
  • 我的图书馆
  • 登录
  • 详细信息显示
  • 放入我的书架
  • 预约/预借图书
  • 作者相关作品
  • 分类相关作品
  • 丛书相关作品
  • 出版社相关作品

书目信息

  • 表格格式
  • 工作单格式
  • 卡片格式
题名:
医学哲学范畴
    
 
作者: 刘虹 著
分册:  
出版信息: 北京   科学出版社  2014
页数: 10,278页
开本: 24cm
丛书名: 人文医学与卫生管理丛书
单 册:
中图分类: R-02
科图分类:
主题词: 医学哲学--范畴 , 医学哲学
电子资源:
ISBN: 978-7-03-040799-3
000 00815oam2 2200265 450
001 012015000440
005 20150914160240.04
010    @a978-7-03-040799-3@dCNY68.00
100    @a20140806d2014 em y0chiy50 ea
101 0  @achi
102    @aCN@b110000
105    @ay z 000yy
106    @ar
200 1  @a医学哲学范畴@Ayi xue zhe xue fan chou@f刘虹著
210    @a北京@c科学出版社@d2014
215    @a10,278页@d24cm
225 1  @a人文医学与卫生管理丛书
330    @a本书内容包括:医学观范畴、生命观范畴、医学哲学认识论范畴、疾病观范畴、医学哲学诊断观范畴、医学哲学治疗观范畴。
461  0 @12001 @a人文医学与卫生管理丛书
606 0  @a医学哲学@x范畴
606 0  @a医学哲学
690    @aR-02@v5
701  0 @a刘虹@Aliu hong@f(1957~)@4著
801  0 @aCN@b碧洲教育@c20150716
905    @a10447@f4@dR-02@e26
    
    医学哲学范畴/刘虹著.-北京:科学出版社,2014
    10,278页;24cm.-(人文医学与卫生管理丛书)
    
    
    ISBN 978-7-03-040799-3:CNY68.00
    本书内容包括:医学观范畴、生命观范畴、医学哲学认识论范畴、疾病观范畴、医学哲学诊断观范畴、医学哲学治疗观范畴。
●
相关链接 在E读中查询图书 在五车中查询图书 在当当中查询图书 在豆瓣中查询图书


正题名:医学哲学范畴     索取号:R-02/26         预约/预借

序号 登录号 条形码 馆藏地/架位号 状态 备注
1 0849350   208493502   第二样本阅览室/ [索取号:R-02/26] 在馆    
2 0849351   208493511   第三借阅区/ [索取号:R-02/26] 在馆    
3 0849352   208493520   第三借阅区/ [索取号:R-02/26] 在馆    
4 0849353   208493539   第三借阅区/ [索取号:R-02/26] 在馆    
唐山师范学院图书馆 欢迎您!
大连网信软件有限公司© 版权所有